[Event "Oberfranken-ch"]
[Site "Schney"]
[Date "2020.01.03"]
[Round "1"]
[White "Brunsch, Michael"]
[Black "Laustsen, Karl Johann"]
[Result "1/2-1/2"]
[WhiteElo "1970"]
[BlackElo "1746"]
[PlyCount "91"]
[EventDate "2020.01.03"]
[EventType "swiss"]
[EventRounds "7"]
[EventCountry "GER"]
[SourceTitle "CBM 194 Extra"]
[Source "ChessBase"]
[SourceDate "2020.03.31"]
[SourceVersion "1"]
[SourceVersionDate "2020.03.31"]
[SourceQuality "1"]

1. c4 b6 2. Nc3 Bb7 3. e4 c5 4. Nf3 Nc6 5. d4 cxd4 6. Nxd4 d6 7. Be2 g6 8. 0-0 Bg7 9. Be3 Nf6 10. Qd2 0-0 11. f3 Rc8 12. Rac1 Qd7 13. Rfd1 Rfd8 14. b3 Nxd4 15. Bxd4 Bc6 16. Be3 Kf8 17. Qe1 Qe8 18. Qh4 Kg8 19. Bd3 Nd7 20. Bg5 Bf6 21. Bxf6 Nxf6 22. f4 Kg7 23. Rf1 Qd7 24. f5 Qb7 25. Rce1 Rf8 26. Rf3 e6 27. g4 exf5 28. gxf5 Rce8 29. Rh3 Qe7 30. Rf1 Rh8 31. Qh6+ Kg8 32. fxg6 fxg6 33. Rhf3 Ng4 34. Qd2 Ne5 35. Rf6 Kg7 36. Qf2 Rhf8 37. Rxf8 Rxf8 38. Qxf8+ Qxf8 39. Rxf8 Kxf8 40. Be2 Ke7 41. Kf2 g5 42. Ke3 Ke6 43. Bh5 h6 44. Ne2 Ke7 45. Nd4 Bd7 46. Nf5+ 1/2-1/2

[Event "Wunsiedel op 12th"]
[Site "Wunsiedel"]
[Date "2018.05.17"]
[Round "1"]
[White "Laustsen, Karl Johann"]
[Black "Gasthofer, Viktor"]
[Result "0-1"]
[WhiteElo "1807"]
[BlackElo "2298"]
[PlyCount "72"]
[EventDate "2018.05.17"]
[EventType "swiss"]
[EventRounds "9"]
[EventCountry "GER"]
[SourceTitle "CBM 184 Extra"]
[Source "ChessBase"]
[SourceDate "2018.06.28"]
[SourceVersion "1"]
[SourceVersionDate "2018.06.28"]
[SourceQuality "1"]

1. d4 d5 2. Bf4 e6 3. e3 Bd6 4. Bg3 Nf6 5. Nd2 0-0 6. c3 b6 7. Bd3 Bb7 8. Ngf3 Ne4 9. Qc2 f5 10. Ne5 Nd7 11. Nxd7 Qxd7 12. Bxd6 Qxd6 13. f4 Nxd2 14. Qxd2 c5 15. b4 a5 16. bxc5 bxc5 17. 0-0 Bc6 18. Rab1 c4 19. Be2 Rab8 20. Rfc1 Bd7 21. Bd1 Rb6 22. Rxb6 Qxb6 23. g4 Rb8 24. gxf5 exf5 25. Bc2 Qg6+ 26. Kh1 Rb2 27. Rg1 Qd6 28. Qc1 Qb6 29. Qd1 Rxa2 30. Qb1 Qxb1 31. Bxb1 Re2 32. Rc1 a4 33. Rg1 a3 34. Rg2 Re1+ 35. Rg1 Rxg1+ 36. Kxg1 Ba4 0-1

[Event "Nuremberg Zabo op 19th"]
[Site "Nuremberg"]
[Date "2017.09.16"]
[Round "3"]
[White "Laustsen, Karl Johann"]
[Black "Loew, Gerald"]
[Result "0-1"]
[WhiteElo "1748"]
[BlackElo "2229"]
[PlyCount "90"]
[EventDate "2017.09.15"]
[EventType "swiss"]
[EventRounds "5"]
[EventCountry "GER"]
[SourceTitle "EXT 2022"]
[Source "ChessBase"]
[SourceDate "2021.10.06"]
[SourceVersion "1"]
[SourceVersionDate "2021.10.06"]
[SourceQuality "1"]

1. d4 d6 2. Bf4 Nf6 3. e3 g6 4. c4 c5 5. d5 Bg7 6. Nc3 Qa5 7. Qb3 0-0 8. Be2 Ne4 9. Rc1 Nxc3 10. bxc3 Nd7 11. Nf3 Nb6 12. e4 Bg4 13. h3 Bxf3 14. Bxf3 Rab8 15. 0-0 Na4 16. Bd2 b5 17. Bd1 a6 18. Qa3 Rb7 19. Bxa4 Qxa4 20. Qxa4 bxa4 21. Rc2 Rfb8 22. Bc1 h5 23. f3 Rb1 24. Ba3 Bh6 25. Kf2 Rxf1+ 26. Kxf1 Rb1+ 27. Kf2 Ra1 28. Ke2 Bf4 29. Kf2 h4 30. Ke2 Kg7 31. Kf2 Kf6 32. Ke2 Ke5 33. Kf2 Bg3+ 34. Ke3 Bh2 35. Kd3 Kf4 36. Bc1+ Kg3 37. Be3 Bg1 38. Bc1 Bf2 39. Be3 Rd1+ 40. Rd2 Rxd2+ 41. Bxd2 Kxg2 42. Ke2 Bg3 43. Bg5 f6 44. Bh6 Kxh3 45. Kf1 Be5 0-1

[Event "Oberfranken-ch"]
[Site "Schney"]
[Date "2017.01.06"]
[Round "7"]
[White "Laustsen, Karl Johann"]
[Black "Reuss, Michael"]
[Result "1/2-1/2"]
[WhiteElo "1823"]
[BlackElo "1700"]
[PlyCount "131"]
[EventDate "2017.01.03"]
[EventType "swiss"]
[EventRounds "7"]
[EventCountry "GER"]
[SourceTitle "CBM 176 Extra"]
[Source "ChessBase"]
[SourceDate "2017.03.02"]
[SourceVersion "1"]
[SourceVersionDate "2017.03.02"]
[SourceQuality "1"]

1. d4 Nf6 2. Bf4 d5 3. e3 Bg4 4. Nf3 e6 5. Bd3 Be7 6. Nbd2 0-0 7. h3 Bh5 8. 0-0 Nbd7 9. c4 c6 10. Qb3 dxc4 11. Bxc4 Nb6 12. Bd3 Bd6 13. Bxd6 Qxd6 14. Ne5 Rfd8 15. Rac1 Nfd5 16. Ne4 Qb4 17. Qxb4 Nxb4 18. Bb1 f6 19. Nc4 Be2 20. Nxb6 axb6 21. Rfe1 Bd3 22. a3 Bxe4 23. Bxe4 Nd5 24. Kf1 g6 25. Red1 Rd7 26. Ke2 Kf7 27. Rd2 Ke7 28. Rcd1 Rad8 29. h4 b5 30. Bc2 Nb6 31. Bb3 Nc4 32. Bxc4 bxc4 33. Rc2 b5 34. Rdc1 Rc7 35. a4 Ra8 36. axb5 cxb5 37. b3 Rac8 38. bxc4 Rxc4 39. Rxc4 bxc4 40. Kd2 Kd6 41. Ra1 Rc7 42. Kc3 f5 43. f3 Kd5 44. Ra5+ Kd6 45. e4 fxe4 46. fxe4 h6 47. Ra6+ Kd7 48. Ra8 Rb7 49. Rg8 Rb3+ 50. Kxc4 Rg3 51. Rh8 h5 52. Kc5 Rc3+ 53. Kb4 Rc2 54. Rg8 Rxg2 55. Kc5 Rc2+ 56. Kb4 Re2 57. Rxg6 Rxe4 58. Kc5 Rxh4 59. Rg7+ Ke8 60. Kd6 Rxd4+ 61. Kxe6 Kd8 62. Rh7 Rh4 63. Kf5 Rh1 64. Kg5 h4 65. Rxh4 Rxh4 66. Kxh4 1/2-1/2

[Event "Oberfranken-ch"]
[Site "Schney"]
[Date "2017.01.04"]
[Round "4"]
[White "Daum, Matthias"]
[Black "Laustsen, Karl Johann"]
[Result "1-0"]
[WhiteElo "1923"]
[BlackElo "1823"]
[PlyCount "141"]
[EventDate "2017.01.03"]
[EventType "swiss"]
[EventRounds "7"]
[EventCountry "GER"]
[SourceTitle "CBM 176 Extra"]
[Source "ChessBase"]
[SourceDate "2017.03.02"]
[SourceVersion "1"]
[SourceVersionDate "2017.03.02"]
[SourceQuality "1"]

1. c4 Nf6 2. d4 e6 3. Nf3 b6 4. Bg5 Be7 5. Nc3 Bb7 6. e3 Ne4 7. Bxe7 Qxe7 8. Bd3 Nxc3 9. bxc3 f5 10. 0-0 0-0 11. Re1 Qf6 12. e4 fxe4 13. Bxe4 Bxe4 14. Rxe4 c6 15. Qe2 Na6 16. Ne5 Rad8 17. Rd1 Nc7 18. Rd3 a6 19. Rf3 Qe7 20. Rh3 Qa3 21. Qd2 Rf6 22. Reh4 h6 23. g4 Rdf8 24. f3 d6 25. Nd7 Rxf3 26. Nxf8 Rxh3 27. Rxh3 Kxf8 28. Qf4+ Kg8 29. Rf3 Kh7 30. Qe4+ Kg8 31. Qxc6 Qc1+ 32. Kg2 Qc2+ 33. Kh3 Qe2 34. Kg3 Qe1+ 35. Kh3 Qe2 36. Rg3 Qf1+ 37. Rg2 Qd3+ 38. Kh4 g5+ 39. Kh5 Qh7 40. Rf2 Qe7 41. Qe4 Qg7 42. Qg6 b5 43. Rf7 Qxg6+ 44. Kxg6 Ne8 45. cxb5 axb5 46. Rb7 Kf8 47. Rxb5 Ke7 48. Rb7+ Kd8 49. Kxh6 Nf6 50. Kxg5 Ne4+ 51. Kg6 Nxc3 52. h4 Ne2 53. h5 Nf4+ 54. Kf6 Kc8 55. Ra7 Kb8 56. Rf7 e5 57. dxe5 dxe5 58. Kxe5 Nd3+ 59. Kd4 Nb4 60. h6 Nc6+ 61. Kc5 Ne5 62. Rg7 Kc8 63. h7 Nd7+ 64. Rxd7 Kxd7 65. h8Q Ke6 66. Qh6+ Ke5 67. g5 Ke4 68. g6 Kd3 69. g7 Kc2 70. g8R Kd3 71. Qh4 1-0

[Event "Nuremberg Zabo op 18th"]
[Site "Nuremberg"]
[Date "2016.09.16"]
[Round "1"]
[White "Teske, Henrik"]
[Black "Laustsen, Karl Johann"]
[Result "1-0"]
[WhiteElo "2468"]
[BlackElo "1747"]
[PlyCount "27"]
[EventDate "2016.09.16"]
[EventType "swiss"]
[EventRounds "5"]
[EventCountry "GER"]
[SourceTitle "EXT 2018"]
[Source "ChessBase"]
[SourceDate "2017.10.13"]
[SourceVersion "1"]
[SourceVersionDate "2017.10.13"]
[SourceQuality "1"]

1. e4 c5 2. Nf3 d6 3. d4 cxd4 4. Nxd4 Nf6 5. f3 g6 6. c4 Bg7 7. Nc3 0-0 8. Be3 Nc6 9. Be2 a6 10. 0-0 Bd7 11. Nb3 Na5 12. c5 dxc5 13. Nxa5 Qxa5 14. e5 1-0

[Event "Feffernitz op 25th"]
[Site "Feffernitz"]
[Date "2016.08.21"]
[Round "2"]
[White "Laustsen, Karl Johann"]
[Black "Strobel, Matthias"]
[Result "1/2-1/2"]
[WhiteElo "1867"]
[BlackElo "2094"]
[PlyCount "59"]
[EventDate "2016.08.21"]
[EventType "swiss"]
[EventRounds "9"]
[EventCountry "AUT"]
[SourceTitle "CBM 174 Extra"]
[Source "ChessBase"]
[SourceDate "2016.10.10"]
[SourceVersion "1"]
[SourceVersionDate "2016.10.10"]
[SourceQuality "1"]

1. d4 Nf6 2. Bf4 d6 3. e3 Nbd7 4. Nf3 Nh5 5. Bg5 h6 6. Bh4 g5 7. Nfd2 Ndf6 8. Be2 Ng7 9. Bg3 Nf5 10. c4 Bg7 11. Nc3 c6 12. Qc2 h5 13. Bd3 h4 14. Bxf5 hxg3 15. fxg3 Ng4 16. Bxg4 Bxg4 17. Nf3 Qa5 18. h3 Be6 19. Nd2 g4 20. h4 Qc7 21. Ne2 c5 22. d5 Bd7 23. Rb1 Qa5 24. b3 0-0-0 25. 0-0 Rdf8 26. Nf4 Be5 27. Ne4 Rfg8 28. Nd3 f6 29. Nxe5 dxe5 30. Nc3 1/2-1/2

[Event "Oberfranken-ch"]
[Site "Schney"]
[Date "2016.01.03"]
[Round "1"]
[White "Laustsen, Karl Johann"]
[Black "Geisensetter, Franz"]
[Result "0-1"]
[WhiteElo "1875"]
[BlackElo "2065"]
[PlyCount "114"]
[EventDate "2016.01.03"]
[EventType "swiss"]
[EventRounds "7"]
[EventCountry "GER"]
[SourceTitle "CBM 170 Extra"]
[Source "ChessBase"]
[SourceDate "2016.02.25"]
[SourceVersion "1"]
[SourceVersionDate "2016.02.25"]
[SourceQuality "1"]

1. d4 Nf6 2. Bf4 g6 3. c4 Bg7 4. Nc3 d6 5. e3 0-0 6. Be2 Nbd7 7. Nf3 b6 8. 0-0 Bb7 9. Qc2 Nh5 10. Bg5 Re8 11. Rfd1 Qc8 12. Nd2 Nhf6 13. Bf3 e5 14. Bxb7 Qxb7 15. Nf3 Ng4 16. h3 Nh6 17. dxe5 Nxe5 18. Nxe5 Rxe5 19. Bf4 Re6 20. Rd3 Nf5 21. Rad1 Rae8 22. Nd5 Qc6 23. R1d2 f6 24. b3 g5 25. Bh2 Nh4 26. Bg3 Ng6 27. Qd1 Qd7 28. Qg4 Qf7 29. Qh5 Re4 30. Nc3 R4e7 31. Nd5 Rd7 32. Qd1 f5 33. Re2 Qe6 34. Kf1 c6 35. Nb4 f4 36. exf4 Qxe2+ 37. Qxe2 Rxe2 38. Kxe2 gxf4 39. Bh2 Ne5 40. Rd1 Re7 41. Kf1 a5 42. Nd3 Nxd3 43. Rxd3 Be5 44. f3 Kf7 45. Bg1 b5 46. cxb5 cxb5 47. Rd5 Rc7 48. Ke2 Ke6 49. Rd2 a4 50. Kd3 axb3 51. axb3 Rc3+ 52. Ke2 Rxb3 53. Ra2 b4 54. Kd2 Rb1 55. Bb6 b3 56. Ra3 b2 57. Rb3 Rc1 0-1

[Event "Feffernitz op 24th"]
[Site "Feffernitz"]
[Date "2015.08.23"]
[Round "9"]
[White "Laustsen, Karl Johann"]
[Black "Kummer, Heinz"]
[Result "1-0"]
[WhiteElo "1891"]
[BlackElo "1825"]
[PlyCount "59"]
[EventDate "2015.08.16"]
[EventType "swiss"]
[EventRounds "9"]
[EventCountry "AUT"]
[SourceTitle "EXT 2016"]
[Source "ChessBase"]
[SourceDate "2015.10.08"]
[SourceVersion "1"]
[SourceVersionDate "2015.10.08"]
[SourceQuality "1"]

1. d4 g6 2. Bf4 Bg7 3. e3 d6 4. Nf3 Bg4 5. h3 Bxf3 6. Qxf3 c6 7. Bc4 d5 8. Bb3 Nf6 9. Nd2 Na6 10. c3 Rc8 11. e4 dxe4 12. Nxe4 0-0 13. 0-0-0 Nxe4 14. Qxe4 e6 15. g4 Nc7 16. h4 Nd5 17. Bg3 Re8 18. g5 Ne7 19. Be5 Qa5 20. h5 Nf5 21. hxg6 hxg6 22. Bf6 c5 23. Rh3 cxd4 24. Rdh1 Nh6 25. Rxh6 Bxf6 26. gxf6 Qg5+ 27. f4 Qxf6 28. Rh8+ Qxh8 29. Rxh8+ Kxh8 30. Qxd4+ 1-0

[Event "Feffernitz op 24th"]
[Site "Feffernitz"]
[Date "2015.08.22"]
[Round "8"]
[White "Raschun, Gerhard"]
[Black "Laustsen, Karl Johann"]
[Result "1/2-1/2"]
[WhiteElo "1960"]
[BlackElo "1891"]
[PlyCount "81"]
[EventDate "2015.08.16"]
[EventType "swiss"]
[EventRounds "9"]
[EventCountry "AUT"]
[SourceTitle "EXT 2016"]
[Source "ChessBase"]
[SourceDate "2015.10.08"]
[SourceVersion "1"]
[SourceVersionDate "2015.10.08"]
[SourceQuality "1"]

1. e4 c5 2. Nf3 d6 3. d4 cxd4 4. Nxd4 Nf6 5. Nc3 a6 6. Bd3 e5 7. Nb3 Be7 8. f3 Be6 9. Be3 Nbd7 10. Qd2 Qc7 11. 0-0-0 b5 12. g4 Nb6 13. Bxb6 Qxb6 14. g5 Nh5 15. Nd5 Bxd5 16. exd5 Nf4 17. h4 a5 18. Kb1 g6 19. Be4 b4 20. Nc1 f5 21. gxf6 Bxf6 22. Nd3 Nh5 23. Qg2 0-0 24. Rdg1 Ra7 25. Qg4 Rg7 26. Re1 a4 27. Qg2 a3 28. Qd2 Rb8 29. b3 Nf4 30. Nxf4 exf4 31. Qxf4 Be5 32. Qd2 Bc3 33. Qd3 Qd8 34. f4 Qf6 35. Qe3 Ba1 36. Qc1 Rc8 37. Bd3 Rf7 38. h5 Bb2 39. Qd2 Bc3 40. Qc1 Bb2 41. Qe3 1/2-1/2

[Event "Feffernitz Raika op 23rd"]
[Site "Feffernitz"]
[Date "2014.08.20"]
[Round "6"]
[White "Laustsen, Karl Johann"]
[Black "Unterreiner, Manuel"]
[Result "0-1"]
[WhiteElo "1898"]
[BlackElo "2095"]
[PlyCount "54"]
[EventDate "2014.08.16"]
[EventType "swiss"]
[EventRounds "9"]
[EventCountry "AUT"]
[SourceTitle "CBM 161 Extra"]
[Source "ChessBase"]
[SourceDate "2014.08.29"]
[SourceVersion "1"]
[SourceVersionDate "2014.08.29"]
[SourceQuality "1"]

1. d4 d5 2. Bf4 Nf6 3. e3 g6 4. h3 Bg7 5. Nf3 0-0 6. Be2 c5 7. c3 Nc6 8. 0-0 b6 9. Nbd2 Bb7 10. Ne5 Nxe5 11. Bxe5 Qd7 12. Nf3 Ne4 13. Bxg7 Kxg7 14. Bd3 Nd6 15. Ne5 Qc7 16. f4 f6 17. Nf3 Ne4 18. Nd2 e6 19. Nxe4 dxe4 20. Be2 Rac8 21. Rc1 Rfd8 22. Bc4 Rd6 23. Qb3 a6 24. Qd1 cxd4 25. cxd4 Rc6 26. b3 b5 27. d5 exd5 0-1

[Event "Feffernitz Raika op 23rd"]
[Site "Feffernitz"]
[Date "2014.08.19"]
[Round "5"]
[White "Staufenberger, Bernd"]
[Black "Laustsen, Karl Johann"]
[Result "1-0"]
[WhiteElo "2038"]
[BlackElo "1898"]
[PlyCount "69"]
[EventDate "2014.08.16"]
[EventType "swiss"]
[EventRounds "9"]
[EventCountry "AUT"]
[SourceTitle "CBM 161 Extra"]
[Source "ChessBase"]
[SourceDate "2014.08.29"]
[SourceVersion "1"]
[SourceVersionDate "2014.08.29"]
[SourceQuality "1"]

1. e4 c5 2. Nf3 d6 3. d4 cxd4 4. Nxd4 Nf6 5. Nc3 a6 6. f4 g6 7. Nf3 Qc7 8. Bd3 Nc6 9. 0-0 Bg7 10. a3 0-0 11. Qe1 b5 12. Kh1 Bb7 13. f5 Ne5 14. Nxe5 dxe5 15. Qh4 Nh5 16. Bg5 Bf6 17. Bxf6 Nxf6 18. Rf3 Kg7 19. Raf1 Rh8 20. Rh3 Nh5 21. Ne2 h6 22. Rhf3 Nf4 23. Nxf4 exf4 24. fxg6 fxg6 25. Rxf4 Raf8 26. Rxf8 Rxf8 27. Rxf8 Kxf8 28. Qxh6+ Kf7 29. g3 Qe5 30. Qf4+ Ke6 31. c3 g5 32. Qe3 Kf6 33. Kg2 Bc8 34. h3 Bb7 35. Qb6+ 1-0

[Event "Oberfranken-ch"]
[Site "Lichtenfels"]
[Date "2014.01.03"]
[Round "2"]
[White "Laustsen, Karl Johann"]
[Black "Schulz, Lukas"]
[Result "0-1"]
[WhiteElo "1885"]
[BlackElo "1923"]
[PlyCount "70"]
[EventDate "2014.01.03"]
[EventType "swiss"]
[EventRounds "7"]
[EventCountry "GER"]
[SourceTitle "EXT 2019"]
[Source "ChessBase"]
[SourceDate "2018.10.10"]
[SourceVersion "1"]
[SourceVersionDate "2018.10.10"]
[SourceQuality "1"]

1. d4 c5 2. c3 Nf6 3. Bf4 d5 4. e3 Nc6 5. Bd3 g6 6. Nd2 Bg7 7. Ngf3 0-0 8. h3 Nd7 9. 0-0 e5 10. dxe5 Ndxe5 11. Bc2 Be6 12. Rb1 Qb6 13. Ng5 Rad8 14. Nxe6 fxe6 15. Qe2 Nd7 16. Ba4 Qa5 17. Qb5 Qxb5 18. Bxb5 a6 19. Bxc6 bxc6 20. Bd6 Rf7 21. Nb3 Bf8 22. Bxf8 Kxf8 23. Rfd1 Rb8 24. Rd2 Rb6 25. Rbd1 c4 26. Nd4 Nc5 27. Nf3 Rfb7 28. Ne5 Ne4 29. Re2 Rxb2 30. Rxb2 Rxb2 31. Nxc6 Nxc3 32. Ra1 Nxa2 33. Nd4 c3 34. Kf1 c2 35. Ne2 Rb1+ 0-1